| 000 | 00827nam a2200193 i 4500 | ||
|---|---|---|---|
| 001 | 101004 | ||
| 003 | ES-MaACL | ||
| 005 | 20260127062535.0 | ||
| 007 | t| | ||
| 008 | 051010s1916 sp ||||1| spa d | ||
| 100 | 1 |
_aMaura Gamazo, Gabriel, _cDuque de Maura, _d1879-1963 _979221 |
|
| 245 | 1 | 0 |
_aTransformaciones del Derecho Internacional por efecto de la guerra presente / _cConferencia del señor Don Gabriel Maura Gamazo, pronunciada en la sesión pública de 25 de Abril de 1916. |
| 260 |
_aMadrid : _bEstablecimiento tipográfico de Jaime Ratés, _c1916. |
||
| 300 |
_a44 p. ; _c22 cm. |
||
| 500 | _aPrecede al tít.: Real Academia de Jurisprudencia y Legislación. | ||
| 700 |
_aReal Academia de Jurisprudencia y Legislación de España _9217612 |
||
| 852 |
_aES-MaACL _j1863-F-27 _bR.21478 |
||
| 999 |
_c101004 _d101004 |
||